Human resource management for the hospitality and tourism industries / (Record no. 3381)
[ view plain ]
| 000 -LEADER | |
|---|---|
| fixed length control field | 01067cam a2200181 a 4500 |
| 020 ## - INTERNATIONAL STANDARD BOOK NUMBER | |
| ISBN | 9780750665728 (pbk.) |
| 020 ## - INTERNATIONAL STANDARD BOOK NUMBER | |
| ISBN | 0750665726 (pbk.) |
| 050 #4 - CALL NUMBER | |
| Classification number | TX911.3.P4 |
| Item number | N52 |
| 100 1# - AUTHOR | |
| Personal name | Nickson, Dennis. |
| 245 10 - TITLE | |
| Title | Human resource management for the hospitality and tourism industries / |
| Statement of responsibility, etc | Dennis Nickson. |
| 260 ## - PUBLICATION INFORMATION | |
| Place of publication | Oxford ; |
| -- | Burlington, MA : |
| Name of publisher | Butterworth-Heinemann, |
| Year of publication | c2007. |
| 300 ## - DESCRIPTION | |
| Number of Pages | xiv, 305 p. : |
| Other physical details | ill. ; |
| Dimensions | 25 cm. |
| 500 ## - NOTES | |
| General note | Includes index. |
| 505 ## - FORMATTED CONTENTS NOTE | |
| Table of Content | The nature of HRM in hospitality and tourism; Organisational culture and the search for service quality; Labour markets; Recruitment and selection; Equal Opportunities; Training and development; Staff health and welfare; Employee relations, involvement and participation; Performance management; Remuneration strategies in hospitality and tourism; Disciplinary and grievance procedures; Review of HRM in tourism and hospitality and areas for future research; References; Index. |
| 650 #0 - SUBJECTS | |
| Topical Term | Hospitality industry |
| General subdivision | Personnel management. |
| 650 #0 - SUBJECTS | |
| Topical Term | Tourism |
| General subdivision | Personnel management. |
| 942 ## - ADDED ENTRY ELEMENTS (KOHA) | |
| Koha item type | Books |
| Withdrawn status | Lost status | Collection code | Home library | Current library | Shelving location | Date acquired | Full call number | Accession Number | Copy number | Koha item type |
|---|---|---|---|---|---|---|---|---|---|---|
| Reference | Methodist University Library Main | Methodist University Library Main | General Stacks | TX911.3.P4 N52 | 3990 | 1 | Books |